Empirické skúsenosti s využitím hier vo vzdelávaní

Gespeichert in:
Bibliographische Detailangaben
1. Verfasser: Žiaran, Pavel
Weitere Verfasser: Gajdoš, Jozef, 1962-2025, Meteňko, Anton
Format: Buchkapitel
Sprache:Slowakisch
Tags: Tag hinzufügen
Keine Tags, Fügen Sie das erste Tag hinzu!

MARC

LEADER 00000nla$a2200000$$$4500
001 0121919
005 20240502072400.2
041 0 |a slo 
044 |a SK 
245 1 0 |a Empirické skúsenosti s využitím hier vo vzdelávaní  |c Pavel Žiaran, Jozef Gajdoš, Anton Meteňko 
100 1 |a Žiaran, Pavel 
700 1 |a Gajdoš, Jozef, 1962-2025 
700 1 |a Meteňko, Anton